<?xml version="1.0" encoding="UTF-8"?>
<collection xmlns="http://www.loc.gov/MARC21/slim">
 <record>
  <leader>02281naa a2200253 i 4500</leader>
  <controlfield tag="001">acta75369</controlfield>
  <controlfield tag="005">20220419153210.0</controlfield>
  <controlfield tag="008">220419s2012    hu      o     0||   hun d</controlfield>
  <datafield tag="020" ind1=" " ind2=" ">
   <subfield code="a">978 963 9927 56 8</subfield>
  </datafield>
  <datafield tag="022" ind1=" " ind2=" ">
   <subfield code="a">1789-6061</subfield>
  </datafield>
  <datafield tag="040" ind1=" " ind2=" ">
   <subfield code="a">SZTE Egyetemi Kiadványok Repozitórium</subfield>
   <subfield code="b">hun</subfield>
  </datafield>
  <datafield tag="041" ind1=" " ind2=" ">
   <subfield code="a">hun</subfield>
  </datafield>
  <datafield tag="100" ind1="1" ind2=" ">
   <subfield code="a">Virányi Barbara</subfield>
  </datafield>
  <datafield tag="245" ind1="1" ind2="0">
   <subfield code="a">Hogyan lehet az iskolából a második otthon? </subfield>
   <subfield code="h">[elektronikus dokumentum] :</subfield>
   <subfield code="b">az iskolai kötődés vizsgálata középiskolai tanulók körében /</subfield>
   <subfield code="c"> Virányi Barbara</subfield>
  </datafield>
  <datafield tag="260" ind1=" " ind2=" ">
   <subfield code="a">Szegedi Egyetemi Kiadó, Juhász Gyula Felsőoktatási Kiadó</subfield>
   <subfield code="b">Szeged</subfield>
   <subfield code="c">2012</subfield>
  </datafield>
  <datafield tag="300" ind1=" " ind2=" ">
   <subfield code="a">163-175</subfield>
  </datafield>
  <datafield tag="490" ind1="0" ind2=" ">
   <subfield code="a">Szegedi pszichológiai tanulmányok</subfield>
  </datafield>
  <datafield tag="490" ind1="0" ind2=" ">
   <subfield code="a">Szegedi pszichológiai tanulmányok : 2012</subfield>
  </datafield>
  <datafield tag="520" ind1="3" ind2=" ">
   <subfield code="a">Az iskolai kötődés összetett jelenség, több tényező együttes hatása alakítja. Ezzel a témával a nemzetközi szakirodalom igen kiterjedten és régóta foglalkozik (GOTTFREDSON, FINK, &amp; GRAHAM, 1994; HRISCHI, 1969; MOODY &amp; BEARMAN, 1998), a hazai kutatások viszont kevésbé fókuszálnak erre a területre. A kutatás fő célja az elővizsgálatok során kialakított Iskolai kötődést mérő kérdőív nagy mintán való alkalmazhatóságának igazolása, a nemzetközi szakirodalomban ismert összefüggések vizsgálatával (az iskolai kötődés pozitív kapcsolata az iskolai aktivitással, szabálykövetéssel és tanulmányi teljesítménnyel). A kutatásban középiskolai tanulók vettek részt (N=350, átlag életkor=16,45). A vizsgálat eredményei alapján az iskolai kötődés mérésére kialakított kérdőív a gyakorlatban alkalmazhatónak ígérkezik, a módszer alkalmas az iskolai kötődés főbb elemeinek vizsgálatára. A nemzetközi szakirodalomból ismert összefüggések alátámasztást nyertek. A kérdőív alkalmazási területe az iskolapszichológiai gyakorlat és az iskolai szervezetfejlesztés, felhasználható diagnosztikus céllal, vagy iskolák összehasonlítására is.</subfield>
  </datafield>
  <datafield tag="650" ind1=" " ind2="4">
   <subfield code="a">Társadalomtudományok</subfield>
  </datafield>
  <datafield tag="650" ind1=" " ind2="4">
   <subfield code="a">Pszichológia</subfield>
  </datafield>
  <datafield tag="695" ind1=" " ind2=" ">
   <subfield code="a">Iskolai környezet, Iskolai nevelés, Iskolai kötődés, Pszichológia</subfield>
  </datafield>
  <datafield tag="700" ind1="0" ind2="1">
   <subfield code="a">Szabó Éva</subfield>
   <subfield code="e">aut</subfield>
  </datafield>
  <datafield tag="856" ind1="4" ind2="0">
   <subfield code="u">http://acta.bibl.u-szeged.hu/75369/1/szegedi_pszichologiai_tanulmanyok_2012_163-175.pdf</subfield>
   <subfield code="z">Dokumentum-elérés </subfield>
  </datafield>
 </record>
</collection>
